Schneidemühl
| Titel: | Schneidemühl |
|---|---|
| Verfasser: | |
| In: |
Lexikon für Theologie und Kirche ; 9. San bis Thomas, Band 9 (2000), Seite 189-190 alle Artikel anzeigen |
| Veröffentlicht: | 2000 |
| Format: | Aufsatz |
| Sprache: | Deutsch |
X
alg: 39167270 001A $01999:11-11-16 001B $01999:15-05-21 $t21:01:48.000 001D $01999:11-11-16 001U $0utf8 001X $00 002@ $0Aox 003@ $0391672703 007A $0391672703 $aHEB 007T $0Herd43092 010@ $ager 011@ $a2000 021A $aSchneidemühl 028A $#Gatz, Hervino $7120207184 $8Gatz, Erwin$Z1933-2011 [Tp1] $9151847827 031A $d9 $h189-190 $j2000 037A $aApostolische Administratur/Prälatur 1920-1945 037A $aAdministracja i prałatura apostolska 1920-1945039B $aIn $8--Afu--. Lexikon für Theologie und Kirche ; 9. San bis Thomas. - 3., völlig neu bearbeitete Auflage. - Freiburg : Herder, 2000. - 14 Seiten, 1538 Spalten. - Karten. - ISBN 3-451-22009-1 $x200000000090000811 $9090538951 045F $a307.094382 $eDDC23BSB 045F/01 $a307.09 045F/03 $g4382 045F/03 $g43832 lok: 39167270 78 exp: 39167270 78 1 #EPN 201B/01 $019-04-17 $t10:19:47.000 201U/01 $0utf8 203@/01 $0787767344 208@/01 $a11-11-16 $be 209A/01 $a/ $f000 $x00 220C/01 $aTitelaufnehmer: nk;ek 244Z/01 $2Trx $#Prusy Wschodnie i Zachodnie $8--Trx--Ost- und Westpreußen $x01 $939113373X 244Z/01 $2Trx $#Schneidemühl Bistum $8--Trx--Piła$gdiecezja $x02 $9391283499 244Z/01 $2Trx $#valitsemine, kiriku $#bažnyčios administracija $#administration, clerical $#közigazgatás, egyházi $#administracja kościelna $#správa, cirkevná $#správa církevní $#Kirchenverwaltung $8--Trx--Verwaltung, kirchliche $x03 $9391370561 244Z/01 $2Trx $8--Trx--Einzelbeiträge $x04 $9391384570 245Z/01 $a13.02 $x01 245Z/01 $a10.02.02.01 $x02 247C/01 $82080>Marburg/Lahn, Herder-Institut, Forschungsbibliothek, Bibliographieportal $9336309341
| LEADER | 00000caa a22000002c 4500 | ||
|---|---|---|---|
| 001 | 391672703 | ||
| 003 | DE-603 | ||
| 005 | 20210515210148.0 | ||
| 007 | tu | ||
| 008 | 161111s2000 xx |||| | u00||u|ger c | ||
| 035 | |a (DE-599)HEB391672703 | ||
| 040 | |a DE-603 |b ger |c DE-603 |d DE-603 | ||
| 041 | |a ger | ||
| 082 | 0 | 4 | |8 1\u |a 307.094382 |q DE-101 |2 23/BSB |
| 085 | |8 1\u |b 307.09 | ||
| 085 | |8 1\u |z 2 |s 4382 | ||
| 085 | |8 1\u |z 2 |s 43832 | ||
| 100 | 1 | |a Gatz, Erwin |d 1933-2011 |0 (DE-603)151847827 |0 (DE-588)120207184 |2 gnd | |
| 245 | 0 | 0 | |a Schneidemühl |
| 264 | 0 | |c 2000 | |
| 500 | |a Apostolische Administratur/Prälatur 1920-1945 | ||
| 500 | |a Administracja i prałatura apostolska 1920-1945 <pol> | ||
| 773 | 0 | 8 | |i In |t Lexikon für Theologie und Kirche ; 9. San bis Thomas |b 3., völlig neu bearbeitete Auflage |d Freiburg : Herder, 2000 |h 14 Seiten, 1538 Spalten, Karten |z 3451220091 |g Band 9 (2000), Seite 189-190 |w (DE-603)090538951 |
| 924 | 0 | |9 2080 |a (DE-603)787767344 |b DE-2080 |c HES |d d |g / | |


